Statistics for 1930s Male Movie Stars by image

Click here to take the quiz!

General Stats

  • This quiz has been taken 186 times
  • The average score is 10 of 20

Answer Stats

Answer% Correct
Clark Gable
96%
Cary Grant
91%
James Stewart
90%
Groucho Marx
88%
Spencer Tracy
75%
Henry Fonda
67%
Mickey Rooney
67%
Errol Flynn
65%
Gary Cooper
65%
Charles Laughton
53%
W C Fields
51%
William Powell
45%
Lionel Barrymore
43%
Dick Powell
40%
Basil Rathbone
29%
Fredric March
26%
Melvyn Douglas
21%
Paul Muni
21%
Walter Connolly
3%
Porter Hall
1%

Score Distribution

Percentile by Number Answered

Percent of People with Each Score

Your Score History

You have not taken this quiz